[Event "SR 3. liga A2 2006/2007"]
[Site "?"]
[Date "2006.11.19"]
[Round "4"]
[White "Diviak, Rastislav"]
[Black "Vyboch, Jozef"]
[Result "1/2-1/2"]
[WhiteElo "1958"]
[BlackElo "2006"]
[Annotator "Osuské B - Trnava C  /3/"]
[PlyCount "93"]
[EventDate "2006.??.??"]

1. e4 c5 2. Nf3 Nc6 3. d4 cxd4 4. Nxd4 Nf6 5. Nc3 e5 6. Ndb5 d6 7. Bg5 a6 8.
Na3 b5 9. Bxf6 gxf6 10. Nd5 Bg7 11. c3 f5 12. exf5 Bxf5 13. Nc2 Ne7 14. Nce3
Be6 15. g3 Nxd5 16. Nxd5 O-O 17. Bg2 Rb8 18. O-O f5 19. Nb4 Rb6 20. Bd5 Qd7 21.
Qb3 Re8 22. Rad1 a5 23. Bxe6+ Rxe6 24. Nd5 Rb7 25. Rfe1 Kh8 26. Re2 f4 27. Nxf4
Rh6 28. Rde1 Rb8 29. Nd5 Qh3 30. f4 Rf8 31. Qc2 b4 32. cxb4 axb4 33. Qe4 Rg6
34. Rf1 Bh6 35. Qg2 Qg4 36. fxe5 Qd4+ 37. Ref2 dxe5 38. Kh1 Rxf2 $11 39. Rxf2
e4 40. Ne7 Rf6 41. Rxf6 Qxf6 42. Nd5 Qd4 43. Nf4 Bxf4 44. gxf4 Qd1+ 45. Qg1
Qf3+ 46. Qg2 Qxf4 47. Qe2 $11 1/2-1/2

[Event "SR 3. liga A2 2006/2007"]
[Site "?"]
[Date "2006.11.19"]
[Round "4"]
[White "Krist, Milan"]
[Black "Pericka, Tomas"]
[Result "1/2-1/2"]
[WhiteElo "2039"]
[BlackElo "1913"]
[Annotator "Osuské B - Trnava C  /4/"]
[PlyCount "40"]
[EventDate "2006.??.??"]

1. d4 Nf6 2. Nf3 d5 3. c4 e6 4. Nc3 c6 5. e3 Nbd7 6. Bd3 dxc4 7. Bxc4 Be7 8.
O-O O-O 9. h3 c5 10. b3 b6 11. Bb2 Bb7 12. d5 exd5 13. Nxd5 Nxd5 14. Bxd5 Qc7
15. Bxb7 Qxb7 16. Qc2 Bf6 17. Rad1 Bxb2 18. Qxb2 Rad8 19. Rd2 Nf6 20. Rfd1 Qc7
1/2-1/2

[Event "SR 3. liga A2 2006/2007"]
[Site "?"]
[Date "2006.11.19"]
[Round "4"]
[White "Hanzluvka, Peter"]
[Black "Bahna, Jan"]
[Result "1-0"]
[WhiteElo "2042"]
[BlackElo "1978"]
[Annotator "Osuské B - Trnava C  /5/"]
[PlyCount "75"]
[EventDate "2006.??.??"]

1. e4 e5 2. Nf3 Nc6 3. Bb5 a6 4. Ba4 Be7 5. O-O b5 6. Bb3 d6 7. h3 Na5 8. d4
Nxb3 9. axb3 exd4 10. Nxd4 Bd7 11. Nc3 Nf6 12. Re1 O-O 13. Bg5 Re8 14. Qf3 h6
15. Bf4 Bf8 16. e5 b4 17. exf6 bxc3 18. Rxe8 Qxe8 19. fxg7 Bxg7 20. bxc3 c5 21.
Ne2 Bc6 22. Qd3 Bb5 23. c4 Bxa1 24. cxb5 axb5 25. c3 Qe6 26. Qxb5 Ra2 27. Be3
Qe5 28. g3 Qe4 29. Qb8+ Kh7 30. Nc1 Rc2 31. Qf8 Qe6 32. Nd3 Bxc3 33. Nf4 Qxb3
34. Qxd6 Bg7 35. Nh5 Qe6 36. Qd3+ Qg6 37. Qd5 Bd4 38. Nf4 1-0

[Event "SR 3. liga A2 2006/2007"]
[Site "?"]
[Date "2006.11.19"]
[Round "4"]
[White "Puskas, Miroslav"]
[Black "Blazkova, Barbora"]
[Result "1/2-1/2"]
[WhiteElo "2025"]
[BlackElo "1960"]
[Annotator "Osuské B - Trnava C  /6/"]
[PlyCount "21"]
[EventDate "2006.??.??"]

1. e4 c5 2. Nf3 d6 3. d4 cxd4 4. Nxd4 Nf6 5. Nc3 a6 6. Be2 e5 7. Nb3 Be7 8. Be3
O-O 9. f3 Be6 10. a4 Nbd7 11. O-O $11 1/2-1/2

[Event "SR 3. liga A2 2006/2007"]
[Site "?"]
[Date "2006.11.19"]
[Round "4"]
[White "Skapik, Branislav"]
[Black "Hagara, Vladimir"]
[Result "1-0"]
[WhiteElo "1800"]
[BlackElo "1975"]
[Annotator "Osuské B - Trnava C  /7/"]
[PlyCount "39"]
[EventDate "2006.??.??"]

1. e4 d6 2. d4 Nf6 3. Nc3 c6 4. Nf3 Bg4 5. Be2 Nbd7 6. h3 Bh5 7. O-O e5 8. Bg5
Be7 9. Bxf6 Bxf6 10. dxe5 dxe5 11. Nh2 Bg6 12. Bh5 Qc7 13. Bxg6 hxg6 14. Qe2
O-O-O 15. Rad1 Qb6 16. Qc4 Rhf8 17. b4 Be7 18. Nd5 Qa6 19. Nxe7+ Kc7 20. Nd5+
1-0

[Event "SR 3. liga A2 2006/2007"]
[Site "?"]
[Date "2006.11.19"]
[Round "4"]
[White "Klanica, Anton"]
[Black "Pericka, Pavol"]
[Result "0-1"]
[WhiteElo "1927"]
[BlackElo "1716"]
[Annotator "Osuské B - Trnava C  /8/"]
[PlyCount "80"]
[EventDate "2006.??.??"]

1. e4 e5 2. Nf3 Nc6 3. Bb5 a6 4. Ba4 Nf6 5. d3 d6 6. Bg5 Be7 7. O-O Bg4 8. h3
Bh5 9. Nbd2 O-O 10. Qe1 Qd7 11. Nh2 b5 12. Bb3 Nd4 13. c3 Ne2+ 14. Kh1 h6 15.
Bxf6 Bxf6 16. Bd1 Nf4 17. Bxh5 Nxh5 18. Ndf3 Nf4 19. Qe3 h5 20. Ng1 g5 21. Qf3
Kg7 22. Ne2 g4 23. hxg4 hxg4 24. Nxg4 Rh8+ 25. Kg1 Rh4 26. Nxf4 exf4 27. Nxf6
Kxf6 28. g3 Rg8 29. d4 Ke7 30. Rfe1 fxg3 31. Kf1 g2+ 32. Ke2 Rh3 33. Qf5 Qxf5
34. exf5 Kf6 35. Rg1 Kxf5 36. Kd2 Kf4 37. Rae1 Kf3 38. Re2 Rh1 39. Ree1 Rxg1
40. Rxg1 Kxf2 0-1

[Event "SR 3. liga A2 2006/2007"]
[Site "?"]
[Date "2006.11.19"]
[Round "4"]
[White "Pribila, Gerhard"]
[Black "Ress, Tamas"]
[Result "0-1"]
[WhiteElo "2022"]
[BlackElo "2147"]
[Annotator "Gbely - Velký Meder  /1/"]
[PlyCount "92"]
[EventDate "2006.??.??"]

1. e4 c5 2. d4 cxd4 3. c3 g6 4. cxd4 d5 5. e5 Bg7 6. Nf3 Nc6 7. Bb5 Bd7 8. Nc3
e6 9. O-O Nge7 10. Bg5 h6 11. Bxe7 Nxe7 12. Bxd7+ Qxd7 13. Qa4 Nc6 14. Nb5 O-O
15. Rac1 f6 16. Rfe1 fxe5 17. dxe5 Qe7 18. Qg4 Kh7 19. a3 Rae8 20. Nbd4 h5 21.
Qg3 Nxd4 22. Nxd4 Bh6 23. Rc2 a6 24. Nf3 $11 Rf4 25. Rd1 Re4 26. Nd2 Bxd2 27.
Rcxd2 Rc8 28. f3 Qc5+ 29. Kh1 Rc4 30. Qg5 Rc7 31. h3 Qe7 32. Qxe7+ Rxe7 33. Rd4
Rc2 34. R4d2 Rec7 35. Kg1 g5 36. Kf2 Rxd2+ 37. Rxd2 h4 38. g3 hxg3+ 39. Kxg3
Rc4 40. Rh2 Kg6 41. Re2 Kf5 42. Re3 b5 43. b3 Rc2 44. h4 gxh4+ 45. Kxh4 Kf4 46.
Re1 Rh2# 0-1

[Event "SR 3. liga A2 2006/2007"]
[Site "?"]
[Date "2006.11.19"]
[Round "4"]
[White "Ivan, Imrich ml"]
[Black "Vach, Jozef"]
[Result "1/2-1/2"]
[WhiteElo "2034"]
[BlackElo "1992"]
[Annotator "Gbely - Velký Meder  /2/"]
[PlyCount "128"]
[EventDate "2006.??.??"]

1. Nf3 Nf6 2. g3 g6 3. c4 c5 4. Nc3 Bg7 5. b3 O-O 6. Bb2 Nc6 7. Bg2 d6 8. O-O
Rb8 9. e3 a6 10. d4 cxd4 11. exd4 Bg4 12. h3 Bxf3 13. Bxf3 Qc7 14. Rc1 Rfe8 15.
Bg2 e6 16. d5 Nd8 17. dxe6 fxe6 18. Ba3 Nf7 19. Re1 Rbd8 20. Qf3 Rb8 21. Ne4
Nxe4 22. Qxe4 Qa5 23. h4 Qxa3 24. h5 gxh5 25. Kh2 Qxa2 26. Re3 Qa5 27. Rh1 Bh6
28. f4 e5 29. Qf5 Qc7 30. Be4 Re7 31. Qxh7+ Kf8 32. Kg2 exf4 33. gxf4 d5 34.
Rg3 Rxe4 35. Rxh5 Qxf4 36. Rf5 Re2+ 37. Kh3 Qxf5+ 38. Qxf5 Re5 39. Qh7 Rbe8 40.
Rf3 Bg7 41. Qg6 R8e7 42. cxd5 Rxd5 43. Rg3 Nd8 44. Qg4 Rde5 45. Rf3+ Rf7 46.
Rxf7+ Nxf7 47. Qc8+ Ke7 48. Qxb7+ Kf6 49. Qxa6+ Ke7 50. Qb7+ Ke6 51. b4 Rh5+
52. Kg4 Rg5+ 53. Kf4 Be5+ 54. Kf3 Rg3+ 55. Kf2 Nd6 56. Qa8 Kf5 57. Qf8+ Ke4 58.
Qa8+ Kf4 59. b5 Nxb5 60. Qf8+ Ke4 61. Qe8 Rf3+ 62. Kg2 Nd4 63. Qa8+ Kf4 64.
Qf8+ Nf5 1/2-1/2

[Event "SR 3. liga A2 2006/2007"]
[Site "?"]
[Date "2006.11.19"]
[Round "4"]
[White "Jozefovic, Milan"]
[Black "Csefalvay, Stefan"]
[Result "0-1"]
[WhiteElo "1956"]
[BlackElo "1957"]
[Annotator "Gbely - Velký Meder  /3/"]
[PlyCount "46"]
[EventDate "2006.??.??"]

1. e4 c5 2. Nf3 d6 3. Nc3 Nf6 4. d3 Nc6 5. Be2 e6 6. Bg5 Be7 7. Qd2 a6 8. O-O
O-O 9. a3 b5 10. Rfd1 Nd4 11. e5 dxe5 12. Nxe5 Bb7 13. Bf1 Qc7 14. Bxf6 Bxf6
15. Ng4 Be7 16. Ne3 Bd6 17. h3 f5 18. Be2 f4 19. Ng4 f3 20. Bf1 h5 21. Ne3 Rad8
22. Kh1 Bf4 23. Qe1 Rf6 0-1

[Event "SR 3. liga A2 2006/2007"]
[Site "?"]
[Date "2006.11.19"]
[Round "4"]
[White "Szitasi, Janos"]
[Black "Kocak, Branislav"]
[Result "1-0"]
[WhiteElo "1996"]
[BlackElo "1774"]
[Annotator "Gbely - Velký Meder  /4/"]
[PlyCount "61"]
[EventDate "2006.??.??"]

1. e4 c5 2. Nc3 d6 3. g3 Nf6 4. Bg2 g6 5. Nge2 Bg7 6. O-O O-O 7. d3 Nc6 8. f4
e5 9. fxe5 dxe5 10. Bg5 h6 11. Bxf6 Bxf6 12. Nd5 Bg7 13. Qd2 Be6 14. Nec3 Nd4
15. Na4 b6 16. c3 Nc6 17. Rf2 Rc8 18. b3 f5 19. Raf1 g5 20. c4 f4 21. a3 Nd4
22. b4 Qd6 23. Nac3 Rf7 24. Ne2 Nxe2+ 25. Qxe2 Bxd5 26. exd5 cxb4 27. axb4 fxg3
28. Rxf7 gxh2+ 29. Kh1 Qxb4 30. Rxg7+ Kxg7 31. Qxe5+ 1-0

[Event "SR 3. liga A2 2006/2007"]
[Site "?"]
[Date "2006.11.19"]
[Round "4"]
[White "Zajicek, Ferdinand"]
[Black "Vizvari, Ludovit"]
[Result "0-1"]
[WhiteElo "1753"]
[BlackElo "2033"]
[Annotator "Gbely - Velký Meder  /5/"]
[PlyCount "132"]
[EventDate "2006.??.??"]

1. e4 c5 2. Nc3 e6 3. Nf3 a6 4. d4 cxd4 5. Nxd4 Qc7 6. a3 Nf6 7. Nf3 Nc6 8. Be2
b5 9. Bg5 Be7 10. Qd2 Bb7 11. Rd1 Rd8 12. Bd3 h6 13. Bf4 d6 14. O-O Ne5 15. Qe2
O-O 16. h3 Nxd3 17. Rxd3 Nd7 18. Rfd1 Nc5 19. R3d2 e5 20. Bg3 f5 21. exf5 Rxf5
22. Nd5 Bxd5 23. Rxd5 Na4 24. c3 Nb6 25. Qe4 Rdf8 26. R5d3 g5 27. Qg4 Kh7 28.
b3 Qc6 29. R1d2 Qe8 30. Re2 h5 31. Qe4 d5 32. Rxd5 Nxd5 33. Qxd5 Qf7 34. Qxf7+
R8xf7 35. Nxe5 Rg7 36. b4 Bf6 37. Nd3 h4 38. Bh2 Rd5 39. Ne1 Bxc3 40. f4 Rd1
41. Kf2 Rf7 42. Nf3 Bd4+ 43. Nxd4 Rxd4 44. Re6 Rd2+ 45. Ke3 Rxg2 46. fxg5 Rxh2
47. g6+ Kg7 48. gxf7 Rxh3+ 49. Kf2 Rxa3 50. Rf6 Kf8 51. Kg2 Ra4 52. Kh3 Rxb4
53. Rxa6 Kxf7 54. Ra3 Ke6 55. Rd3 Ke5 56. Ra3 Rc4 57. Ra5 Rb4 58. Ra3 Kd5 59.
Rf3 Re4 60. Rc3 b4 61. Rc8 b3 62. Rb8 Kc4 63. Rc8+ Kd3 64. Rb8 Kc3 65. Rc8+ Rc4
66. Re8 b2 0-1

[Event "SR 3. liga A2 2006/2007"]
[Site "?"]
[Date "2006.11.19"]
[Round "4"]
[White "Bogi, Timea"]
[Black "Papanek, Lubomir"]
[Result "0-1"]
[WhiteElo "1501"]
[BlackElo "1684"]
[Annotator "Gbely - Velký Meder  /6/"]
[PlyCount "75"]
[EventDate "2006.??.??"]

1. e4 c5 2. Nf3 d6 3. Nc3 g6 4. Bc4 Bg7 5. Ng5 e6 6. d3 a6 7. a4 Nc6 8. Bd2
Nge7 9. O-O O-O 10. Rb1 Bd7 11. Ne2 d5 12. exd5 exd5 13. Bb3 h6 14. Nh3 Bxh3
15. gxh3 Nf5 16. Nf4 Nce7 17. c3 b5 18. axb5 axb5 19. Bc2 d4 20. Qf3 Nh4 21.
Qg4 Nef5 22. Ng2 Nxg2 23. Qxg2 Re8 24. Rfe1 Qf6 25. Qd5 Nh4 26. f4 Red8 27. Qe4
Re8 28. Qd5 Rad8 29. Rxe8+ Rxe8 30. Bd1 Qb6 31. Bb3 Qa7 32. Kf2 dxc3 33. bxc3
c4+ 34. Kg3 Nf5+ 35. Kf3 cxb3 36. Qxb3 Qb7+ 37. Kf2 Nh4 38. Kg3 0-1

[Event "SR 3. liga A2 2006/2007"]
[Site "?"]
[Date "2006.11.19"]
[Round "4"]
[White "Brunovsky, Peter"]
[Black "Sooky, Ladislav"]
[Result "1-0"]
[WhiteElo "1649"]
[BlackElo "1495"]
[Annotator "Gbely - Velký Meder  /7/"]
[PlyCount "101"]
[EventDate "2006.??.??"]

1. d4 e6 2. Nf3 c5 3. c3 cxd4 4. Nxd4 a6 5. Bf4 d6 6. Nf3 Nf6 7. e3 Nc6 8. Nbd2
b5 9. Be2 Bb7 10. O-O Be7 11. c4 bxc4 12. Nxc4 d5 13. Nce5 Nxe5 14. Bxe5 O-O
15. Qb3 Qd7 16. Rac1 Rfc8 17. Bd3 Rxc1 18. Rxc1 Rc8 19. Rxc8+ Qxc8 20. Qc2 Qxc2
21. Bxc2 Nd7 22. Bc3 Bf6 23. Bxf6 Nxf6 24. Ne5 Ne8 25. Nd3 Bc6 26. Nb4 Bb5 27.
Bd3 Nd6 28. Bxb5 axb5 29. b3 f6 30. f3 Kf7 31. Kf2 h5 32. g3 g5 33. h3 f5 34.
Nc6 Kf6 35. a4 bxa4 36. bxa4 Nb7 37. a5 Nc5 38. Nb8 Na4 39. a6 Nb6 40. a7 Na8
41. Ke2 Ke7 42. Kd3 Kd6 43. f4 gxf4 44. gxf4 Kc7 45. Kd4 Kb7 46. Ke5 Kxa7 47.
Nc6+ Kb6 48. Nd8 Nc7 49. Nxe6 Nxe6 50. Kxe6 Kc6 51. Kxf5 1-0

[Event "SR 3. liga A2 2006/2007"]
[Site "?"]
[Date "2006.11.19"]
[Round "4"]
[White "Bogi, Peter"]
[Black "Drska, Michal"]
[Result "1-0"]
[WhiteElo "1350"]
[BlackElo "1350"]
[Annotator "Gbely - Velký Meder  /8/"]
[PlyCount "109"]
[EventDate "2006.??.??"]

1. e4 e5 2. Nf3 Nc6 3. Bc4 d6 4. h3 Be7 5. d3 Nf6 6. Be3 b6 7. O-O O-O 8. Nc3
Bb7 9. Bg5 Na5 10. Bxf6 Bxf6 11. Bd5 c6 12. Bb3 Nxb3 13. axb3 d5 14. exd5 cxd5
15. Re1 Re8 16. Qd2 d4 17. Ne4 Bxe4 18. Rxe4 Qc7 19. Rae1 Re6 20. c3 Rae8 21.
R1e2 g6 22. Qe1 Bh8 23. cxd4 exd4 24. Rxe6 Rxe6 25. Rxe6 fxe6 26. Qxe6+ Qf7 27.
Qc8+ Qf8 28. Qc4+ Qf7 29. Ng5 Qxc4 30. bxc4 Kf8 31. f4 h5 32. g4 Ke7 33. Kf2
Kd7 34. Kf3 Kc6 35. b4 a5 36. bxa5 bxa5 37. Ke2 Bf6 38. Ne4 Be7 39. Kd2 Bb4+
40. Kc2 a4 41. Kb2 a3+ 42. Kb3 Be7 43. Nd2 Kd7 44. Ne4 Ke6 45. gxh5 gxh5 46. c5
h4 47. Kxa3 Kf5 48. Kb3 Kxf4 49. c6 Bd8 50. Kc4 Ke3 51. Ng5 Bb6 52. Ne6 Kf3 53.
Kb5 Kg3 54. Kxb6 Kxh3 55. c7 1-0

[Event "SR 3. liga A2 2006/2007"]
[Site "?"]
[Date "2006.11.19"]
[Round "4"]
[White "Blatnicky, Miroslav"]
[Black "Farkas, Gabor"]
[Result "0-1"]
[WhiteElo "2168"]
[BlackElo "2240"]
[Annotator "Vrbové - Galanta  /1/"]
[PlyCount "200"]
[EventDate "2006.??.??"]

1. e4 c5 2. Nc3 Nc6 3. g3 e6 4. Bg2 Nf6 5. Nge2 Be7 6. O-O O-O 7. d4 cxd4 8.
Nxd4 Nxd4 9. Qxd4 d6 10. Rd1 Bd7 11. Bg5 Bc6 12. e5 dxe5 13. Qxe5 Nd7 14. Bxe7
Nxe5 15. Bxd8 Rfxd8 16. Bxc6 Nxc6 17. Ne4 Kf8 18. c3 Ke7 19. f4 h6 20. Kf2 b6
21. Ke3 Rac8 22. h3 Na5 23. Rxd8 Rxd8 24. b3 Nb7 25. c4 f6 26. Rc1 Nc5 27. Nxc5
bxc5 28. Rc3 Rd1 29. Rd3 Ra1 30. Rd2 g5 31. Kf3 Rc1 32. Re2 gxf4 33. gxf4 Rc3+
34. Re3 Rc2 35. a3 a5 36. a4 Rd2 37. f5 e5 38. Re2 Rd1 39. Re3 Rf1+ 40. Ke4 Kd6
41. Rf3 Re1+ 42. Re3 Rh1 43. Rg3 Re1+ 44. Re3 Rg1 45. Rf3 h5 46. Re3 h4 47. Rf3
Rg3 48. Rd3+ Ke7 49. Rxg3 hxg3 50. Kf3 Kf7 51. Kxg3 Kg7 52. h4 Kh6 53. Kg4 Kg7
54. Kf3 Kh6 55. Ke4 Kh5 56. Kd5 Kg4 57. Kxc5 e4 58. h5 e3 59. h6 e2 60. h7 e1=Q
61. h8=Q Qb4+ 62. Kd5 Qb7+ 63. Ke6 Qc6+ 64. Kf7 Qd7+ 65. Kg6 Qxf5+ 66. Kf7 Qd7+
67. Kg6 Qd3+ 68. Kf7 f5 69. Qg8+ Kf3 70. Qa8+ Ke2 71. Qxa5 f4 72. Qe5+ Qe3 73.
Qb2+ Kf1 74. c5 Qxc5 75. b4 Qa7+ 76. Kg6 Qa6+ 77. Kg7 f3 78. b5 Qb7+ 79. Kh6
Qb6+ 80. Kh7 Qc7+ 81. Qg7 Qc2+ 82. Qg6 Qc7+ 83. Qg7 Qd6 84. Qg6 Qe7+ 85. Qg7
Qe3 86. Qh6 Qa7+ 87. Kh8 Qa8+ 88. Kg7 f2 89. b6 Qb7+ 90. Kg8 Qc8+ 91. Kg7 Qb7+
92. Kh8 Qd5 93. Qh3+ Ke2 94. Qg4+ Ke1 95. Qb4+ Kd1 96. b7 Qe5+ 97. Kh7 f1=Q 98.
Qb1+ Ke2 99. b8=Q Qf7+ 100. Kh6 Qeh5# 0-1

[Event "SR 3. liga A2 2006/2007"]
[Site "?"]
[Date "2006.11.19"]
[Round "4"]
[White "Petenyi, Tamas"]
[Black "Feranec, Milan"]
[Result "1-0"]
[WhiteElo "2125"]
[BlackElo "1890"]
[Annotator "Vrbové - Galanta  /2/"]
[PlyCount "63"]
[EventDate "2006.??.??"]

1. e4 Nc6 2. Nf3 b6 3. d4 d6 4. Bb5 Bd7 5. O-O a6 6. Bc4 e6 7. Nc3 b5 8. Bb3
Be7 9. a3 Rb8 10. Re1 a5 11. d5 Na7 12. dxe6 fxe6 13. Qd4 c5 14. Qxg7 Bf6 15.
Qg4 c4 16. Ba2 Ne7 17. e5 h5 18. Qf4 Bg7 19. exd6 Ng6 20. Qe4 Nf8 21. a4 Bxc3
22. bxc3 Bc6 23. Qe3 Rg8 24. axb5 Bxf3 25. Qxf3 Qxd6 26. Bf4 Qb6 27. Bxb8 Qxb8
28. Bxc4 Qd6 29. Qa8+ Kf7 30. Qxa7+ Kg6 31. Bd3+ Kf6 32. Qd4+ 1-0

[Event "SR 3. liga A2 2006/2007"]
[Site "?"]
[Date "2006.11.19"]
[Round "4"]
[White "Krchnak, Rudolf"]
[Black "Nagy, Tomas"]
[Result "0-1"]
[WhiteElo "1950"]
[BlackElo "2125"]
[Annotator "Vrbové - Galanta  /3/"]
[PlyCount "80"]
[EventDate "2006.??.??"]

1. d4 d5 2. Nc3 Bf5 3. e4 dxe4 4. f3 Nf6 5. g4 Bg6 6. g5 Nd5 7. Nxe4 e6 8. c3
h6 9. Qb3 b6 10. Bg2 hxg5 11. Bxg5 Be7 12. Bd2 Bh4+ 13. Ng3 Qd6 14. N1e2 Nc6
15. O-O-O O-O 16. Ne4 Qd7 17. Nf4 Na5 18. Qc2 Bf5 19. Bh3 Nxf4 20. Bxf5 exf5
21. Bxf4 fxe4 22. fxe4 Rfe8 23. Qg2 Qe6 24. Rhg1 g6 25. b4 Nc4 26. e5 a5 27.
Qg4 Bf2 28. Qxe6 Rxe6 29. Rg4 Ne3 30. Bxe3 Bxe3+ 31. Kb2 axb4 32. cxb4 Rd8 33.
Re4 Bh6 34. b5 Bg7 35. Rde1 f6 36. Kc3 fxe5 37. dxe5 Rd5 38. a4 Rdxe5 39. Rxe5
Rxe5 40. Rg1 Rg5+ 0-1

[Event "SR 3. liga A2 2006/2007"]
[Site "?"]
[Date "2006.11.19"]
[Round "4"]
[White "Nagy, Attila"]
[Black "Smrek, Peter"]
[Result "1-0"]
[WhiteElo "2120"]
[BlackElo "1964"]
[Annotator "Vrbové - Galanta  /4/"]
[PlyCount "35"]
[EventDate "2006.??.??"]

1. e4 d6 2. d4 g6 3. Nc3 Bg7 4. Be3 Nf6 5. f3 Nbd7 6. Qd2 e5 7. O-O-O Qe7 8. g4
h5 9. g5 Nh7 10. Nd5 Qd8 11. dxe5 Nxe5 12. f4 Nc6 13. Bd3 Be6 14. Nf3 Qd7 15.
Nh4 O-O-O 16. Bb5 a6 17. Bxc6 Qxc6 18. Ne7+ 1-0

[Event "SR 3. liga A2 2006/2007"]
[Site "?"]
[Date "2006.11.19"]
[Round "4"]
[White "Lanyi, Frantisek"]
[Black "Merva, Frantisek"]
[Result "0-1"]
[WhiteElo "1629"]
[BlackElo "2050"]
[Annotator "Vrbové - Galanta  /5/"]
[PlyCount "86"]
[EventDate "2006.??.??"]

1. e4 c5 2. Nf3 Nc6 3. Nc3 g6 4. d4 cxd4 5. Nxd4 Bg7 6. Nxc6 bxc6 7. Bd2 Qc7 8.
Rb1 Nf6 9. Bd3 O-O 10. O-O d5 11. exd5 cxd5 12. h3 Bb7 13. Ne2 e5 14. c3 Rfe8
15. Be3 Nd7 16. Bb5 Rad8 17. Qa4 a6 18. Bxd7 Rxd7 19. Qb4 a5 20. Qc5 Qd8 21.
Qb6 d4 22. Qxd8 Rexd8 23. cxd4 exd4 24. Bd2 a4 25. Rfe1 Be4 26. Rbc1 Bd3 27.
Ng3 f5 28. Rc6 Rb8 29. Bc1 Bb5 30. Rce6 Kf7 31. a3 d3 32. Bf4 Rbb7 33. Bd2 Bxb2
34. Bb4 d2 35. Rd1 Kxe6 36. Rxd2 Rxd2 37. Bxd2 Be5 38. Bb4 Rd7 39. Kh1 Rd1+ 40.
Kh2 Bc6 41. h4 h5 42. Kh3 f4 43. Ne2 Rh1# 0-1

[Event "SR 3. liga A2 2006/2007"]
[Site "?"]
[Date "2006.11.19"]
[Round "4"]
[White "Danis, Jozef"]
[Black "Podjavorinsky, Peter"]
[Result "1-0"]
[WhiteElo "1756"]
[BlackElo "1704"]
[Annotator "Vrbové - Galanta  /6/"]
[PlyCount "31"]
[EventDate "2006.??.??"]

1. d4 Nf6 2. c4 g6 3. Nc3 Bg7 4. e4 d6 5. h3 O-O 6. Nf3 Re8 7. Be3 c6 8. Bd3
Qc7 9. O-O e6 10. Re1 b6 11. Rc1 Bb7 12. Qd2 a6 13. b4 b5 14. cxb5 axb5 15.
Nxb5 Qd7 16. Nxd6 1-0

[Event "SR 3. liga A2 2006/2007"]
[Site "?"]
[Date "2006.11.19"]
[Round "4"]
[White "Lajda, Dusan"]
[Black "Farkas, Sandor"]
[Result "1/2-1/2"]
[WhiteElo "1737"]
[BlackElo "1850"]
[Annotator "Vrbové - Galanta  /7/"]
[PlyCount "95"]
[EventDate "2006.??.??"]

1. e4 c5 2. Nf3 Nc6 3. d4 cxd4 4. Nxd4 Nf6 5. Nc3 e5 6. Ndb5 d6 7. Bg5 a6 8.
Na3 b5 9. Bxf6 gxf6 10. Nd5 f5 11. exf5 Bxf5 12. c3 Be6 13. Nc2 Bg7 14. Qd2 Ne7
15. Qg5 Nxd5 16. Qxg7 Qf6 17. Qxf6 Nxf6 18. Nb4 Bc4 19. a3 $11 a5 20. Nc2 d5
21. f3 Ke7 22. g3 Bxf1 23. Rxf1 $11 Nd7 24. Rd1 Nb6 25. Ne3 Ke6 26. f4 f6 27.
f5+ Kd6 28. Rf2 Rad8 29. Rfd2 Kc6 30. b3 a4 31. c4 bxc4 32. bxc4 $11 d4 33. Ng4
Rhf8 34. Nf2 Nxc4 35. Rc2 Kd5 36. Nd3 Ne3 37. Rc5+ Ke4 38. Rd2 Kxf5 39. Rf2+
Ke6 40. Rc6+ Ke7 41. Nc5 Rd6 42. Rc7+ Kd8 43. Rxh7 Kc8 44. Rb2 $11 Rc6 45. Nxa4
Nc4 46. Rbb7 d3 47. Ra7 Kb8 48. Rab7+ $11 1/2-1/2

[Event "SR 3. liga A2 2006/2007"]
[Site "?"]
[Date "2006.11.19"]
[Round "4"]
[White "Lancz, Frantisek"]
[Black "Bjel, Jan"]
[Result "1/2-1/2"]
[WhiteElo "1350"]
[BlackElo "1350"]
[Annotator "Vrbové - Galanta  /8/"]
[PlyCount "68"]
[EventDate "2006.??.??"]

1. e4 e5 2. Nf3 Nc6 3. Bb5 a6 4. Ba4 Nf6 5. O-O b5 6. Bb3 Be7 7. Re1 Bb7 8. c3
O-O 9. d4 d6 10. Bc2 exd4 11. Nxd4 Nxd4 12. cxd4 Qd7 13. Nc3 Rfe8 14. f3 h6 15.
Qd3 Nh7 16. e5 Nf8 17. Bf4 dxe5 18. Bxe5 Bd6 19. Bxd6 Qxd6 20. Ne4 Bxe4 21.
fxe4 Rad8 22. Rad1 Ne6 23. d5 Nc5 24. Qf3 c6 25. Rf1 Rd7 26. b4 Nb7 27. a3 Ree7
28. dxc6 Qxc6 29. Rxd7 Qxd7 30. Rd1 Qc6 31. Qd3 Rc7 32. Bb3 Qb6+ 33. Kh1 Qf2
34. Rf1 Qh4 1/2-1/2

[Event "SR 3. liga A2 2006/2007"]
[Site "?"]
[Date "2006.11.19"]
[Round "4"]
[White "Kovacocy, Pavel"]
[Black "Janko, Ladislav"]
[Result "1-0"]
[WhiteElo "2268"]
[BlackElo "2180"]
[Annotator "Cífer - Gabcíkovo  /1/"]
[PlyCount "79"]
[EventDate "2006.??.??"]

1. e4 g6 2. d4 c6 3. Nc3 d5 4. Nf3 Bg4 5. exd5 cxd5 6. h3 Bxf3 7. Qxf3 e6 8.
Bf4 Nc6 9. Qe3 Nf6 10. Be2 Bg7 11. O-O O-O 12. Rad1 Qa5 13. a3 Nd7 14. Nb5 a6
15. Bc7 b6 16. Nc3 Rfc8 17. Bd6 e5 18. Qc1 Nxd4 19. Rxd4 Rxc3 20. Bb4 Qa4 21.
Rxd5 Nf6 22. Rxe5 Rxc2 23. Qd1 Qb3 24. Bc3 Nd7 25. Re3 Bxc3 26. Qxd7 Qxb2 27.
Bc4 Rf8 28. Re8 Rxe8 29. Qxf7+ Kh8 30. Qxe8+ Kg7 31. Qf7+ Kh6 32. Qf4+ Kg7 33.
Qf7+ Kh6 34. Qf4+ Kg7 35. Qc7+ Kh6 36. Bg8 Bd4 37. Qxh7+ Kg5 38. h4+ Kf4 39.
Qf7+ Bf6 40. g3+ 1-0

[Event "SR 3. liga A2 2006/2007"]
[Site "?"]
[Date "2006.11.19"]
[Round "4"]
[White "Janko, Michal"]
[Black "Cechovic, Stefan"]
[Result "1/2-1/2"]
[WhiteElo "2083"]
[BlackElo "2197"]
[Annotator "Cífer - Gabcíkovo  /2/"]
[PlyCount "26"]
[EventDate "2006.??.??"]

1. e4 c5 2. Nf3 Nc6 3. d4 cxd4 4. Nxd4 Nf6 5. Nc3 g6 6. Nxc6 dxc6 7. Qxd8+ Kxd8
8. Bc4 Ke8 9. O-O b5 10. Be2 e5 11. Bg5 Nd7 12. Rfd1 Bc5 13. Bg4 Be7 $11
1/2-1/2

[Event "SR 3. liga A2 2006/2007"]
[Site "?"]
[Date "2006.11.19"]
[Round "4"]
[White "Sarmir, Milos"]
[Black "Szekely, Stefan"]
[Result "1-0"]
[WhiteElo "2159"]
[BlackElo "2054"]
[Annotator "Cífer - Gabcíkovo  /3/"]
[PlyCount "83"]
[EventDate "2006.??.??"]

1. e4 d6 2. d4 Nf6 3. Nc3 c6 4. f4 g6 5. Nf3 Bg4 6. Be2 Bg7 7. O-O Na6 8. Bxa6
bxa6 9. h3 Bxf3 10. Qxf3 O-O 11. e5 dxe5 12. dxe5 Nd5 13. Nxd5 cxd5 14. Be3 Qa5
15. c3 e6 16. Qf2 Rfc8 17. Bxa7 Bf8 18. Bd4 Rc4 19. Kh1 Rb8 20. g4 Bc5 21. f5
Bxd4 22. cxd4 Qb6 23. fxg6 fxg6 24. Qf7+ Kh8 25. Qe7 Qd8 26. Qxe6 Rb6 27. Qf7
Rc7 28. Qf2 Rbb7 29. b3 Kg7 30. e6 Qe7 31. g5 h6 32. gxh6+ Kxh6 33. Qf4+ Kg7
34. Qe5+ Kh6 35. Rf6 Qg7 36. Raf1 Kh7 37. Qxd5 Rb5 38. Qd6 Rc1 39. e7 Rxf1+ 40.
Rxf1 Qg8 41. Rf8 Qg7 42. e8=Q 1-0

[Event "SR 3. liga A2 2006/2007"]
[Site "?"]
[Date "2006.11.19"]
[Round "4"]
[White "Puobis, Jozef"]
[Black "Vagovsky, Jozef"]
[Result "1-0"]
[WhiteElo "2043"]
[BlackElo "2034"]
[Annotator "Cífer - Gabcíkovo  /4/"]
[PlyCount "43"]
[EventDate "2006.??.??"]

1. e4 e6 2. d4 d5 3. Nc3 Nf6 4. e5 Nfd7 5. Nf3 c5 6. Be3 Nc6 7. Bb5 a6 8. Bxc6
bxc6 9. O-O Qc7 10. dxc5 Nxc5 11. Qd4 Nd7 12. Qg4 Nxe5 13. Nxe5 Qxe5 14. Rae1
Bd6 15. f4 Qf6 16. f5 Qe5 17. g3 h5 18. Qa4 Bd7 19. Bd4 Qxe1 20. Rxe1 c5 21.
Qa5 cxd4 22. fxe6 1-0

[Event "SR 3. liga A2 2006/2007"]
[Site "?"]
[Date "2006.11.19"]
[Round "4"]
[White "Liptak, Tomas"]
[Black "Kantor, Reka"]
[Result "1-0"]
[WhiteElo "1970"]
[BlackElo "1786"]
[Annotator "Cífer - Gabcíkovo  /5/"]
[PlyCount "83"]
[EventDate "2006.??.??"]

1. e4 g6 2. d4 d6 3. Nf3 Bg7 4. Be2 Nf6 5. Nc3 Bg4 6. Bg5 c6 7. Qd2 b5 8. h3
Bxf3 9. Bxf3 a6 10. O-O-O a5 11. e5 dxe5 12. dxe5 Qxd2+ 13. Rxd2 Nfd7 14. Nxb5
Bxe5 15. Rhd1 Ra6 16. Na3 h6 17. Be3 Bc7 18. Nc4 h5 19. a4 Nf6 20. Bc5 Nbd7 21.
Ba3 c5 22. Bb7 Re6 23. g3 Nb6 24. Nxb6 Rxb6 25. Bf3 O-O 26. Bxc5 Re6 27. Bd5
Nxd5 28. Rxd5 Rb8 29. Rd7 Be5 30. Rd8+ Rxd8 31. Rxd8+ Kg7 32. Rd5 Bf6 33. Be3
Re5 34. Rxe5 Bxe5 35. Bb6 Kf6 36. Bxa5 Bd4 37. Bc3 Bxc3 38. bxc3 Ke5 39. Kd2
Kd5 40. Kd3 Kc5 41. Ke4 Kc4 42. Ke5 1-0